000
00305nam a2200121 a 4500
008
100914s1988|||| d
245
1
0
_a
Prekliati králi
_b
Ľalia a Lev
100
1
_a
Druon, Maurice
020
_c
21
044
_a
xo
_c
SK
041
_a
slo
260
_b
Slovenský spisovateľ
_a
Bratislava
_c
1988
999
_c
10322
_d
10322